| 000 | 00000nas##2200000za#4500 |
| 001 | 9.512831 |
| 003 | CaOODSP |
| 005 | 20200325125534 |
| 007 | ta |
| 008 | 150406c1993||||xxc|| m #||||f| |0fre|d |
| 022 | |a0825-4559 |
| 040 | |aCaOODSP|bfre |
| 043 | |an-cn--- |
| 086 | 1 |aA54-9F |
| 110 | 1 |aCanada. |bAgriculture et agroalimentaire Canada. |bDirection générale de la recherche. |
| 245 | 10|aBulletin technique / |cPublié par le Centre de recherche et de développement en horticulture. |
| 260 | |aSaint-Jean-sur-Richelieu - Québec : |bAgriculture et Agroalimentaire Canada. |
| 310 | |aIrrégulier |
| 563 | |aCouverture souple |
| 775 | 08|tTechnical bulletin / |w(CaOODSP)9.514413 |
| 776 | 0#|tBulletin technique |w(CaOODSP)9.500836 |